00779nam a2200217Ii 45000010005000000030009000050080041000140400033000550410008000880820016000961100059001122450024001712640071001953000012002663360026002783370028003043380027003329400050003599990017004099520135004264759CO-ViMGA241108s9999||||xx |||||||||||||| ||und|| aCO-ViMGAbspaerdacCO-ViMGA0 aunk04a634.33 F2931 aFederación Nacional de Cafeteros de Colombia,92087210aEl cultivo de mango 1a[Lugar de publicación no identificado] : La federación, [199?] avolumen atextbtxt2rdacontent aunmediatedbn2rdamedia avolumebnc2rdacarrier aidficha_siabuc: 4638. -- ficha_no_siabuc:4759 c55761d55761 001040708001aMEVIGERRbMEVIGERRcGENd2006-11-27o634.33 F293pECA3714r2024-11-26 10:51:43tEj.1w2024-11-26yBKz4638 | 6703